000 00674cam a2200133 4500500
005 20260405085549.0
041 _afre
042 _adc
100 1 0 _aChastagnol, André
_eauthor
245 0 0 _aLe Bas-Empire
260 _bArmand Colin,
_c2014.
520 _aUne histoire du monde romain depuis l’époque d’Auguste jusqu’au début du IIIe siècle de notre ère : les empereurs, les institutions politiques et administratives, la politique religieuse, la société, l’économie et les finances, la civilisation, et enfin l’armée et le péril barbare.
856 4 1 _uhttps://shs.cairn.info/le-bas-empire--9782200018511?lang=fr&redirect-ssocas=7080
999 _c2198562
_d2198562